000 00627nam a2200181 a 4500
001 000013794
005 20200929163342.0
008 091130s1949 dr a 000 spa d
040 _aDO-SdBNP
_bspa
_cBNPHU
082 _axxxx
_bC963h
100 1 _aCucurullo, Oscar
_931288
245 1 3 _aLa hoya de Enriquillo /
_cOscar Cucurullo.
260 _aCiudad Trujillo, República Dominicana, :
_bInstituto Geográfico y Geológico,
_c1949.
300 _a40 p. ; :
_bil. : ;
_c23 cm.
500 _aPublicación número 3 de la Universidad de Santo Domingo, volumen 64
504 _aIncluye notas al pie de las páginas
049 _aBNPD
999 _c13406
_d13406